[Event "CZE-chT1W 1819"]
[Site "Czech Republic"]
[Date "2018.11.11"]
[Round "2.7"]
[White "Bostl, Frantisek"]
[Black "Tuma, Jakub"]
[Result "0-1"]
[WhiteElo "2140"]
[BlackElo "2254"]
[PlyCount "78"]
[EventDate "2018.10.21"]
[EventType "team-tourn"]
[EventRounds "11"]
[EventCountry "CZE"]
[SourceTitle "CBM 187 Extra"]
[Source "ChessBase"]
[SourceDate "2018.11.04"]
[SourceVersion "1"]
[SourceVersionDate "2018.11.04"]
[SourceQuality "1"]
[WhiteTeam "Ceske Budejovice"]
[BlackTeam "Praha DP Tarok"]
[WhiteTeamCountry "CZE"]
[BlackTeamCountry "CZE"]

1. c4 Nf6 2. Nf3 g6 3. g3 Bg7 4. Bg2 0-0 5. 0-0 d6 6. d4 c6 7. Nc3 Qa5 8. d5 cxd5 9. cxd5 b5 10. Bg5 b4 11. Bxf6 Bxf6 12. Ne4 Bxb2 13. Rb1 Bg7 14. Qb3 Na6 15. Nfd2 Bd7 16. Nc4 Qa4 17. Qxa4 Bxa4 18. Rfc1 Rfc8 19. Na5 Bc2 20. Nc6 Bxb1 21. Rxb1 Kf8 22. e3 Nc7 23. Nd2 Bc3 24. Nc4 Nb5 25. Rb3 Rc7 26. Bf1 e6 27. Nxb4 Bxb4 28. Rxb4 exd5 29. Nd2 Nc3 30. a3 Re8 31. Bd3 f5 32. Nf3 Ne4 33. Rd4 Rc5 34. Ra4 a5 35. Kg2 Rb8 36. Nd4 Kf7 37. Ne2 Rb2 38. Kf3 Rd2 39. Rd4 Ra2 0-1

[Event "CZE-chT2B 1819"]
[Site "Czech Republic"]
[Date "2018.11.04"]
[Round "2.4"]
[White "Hlavacek, Tomas"]
[Black "Tuma, Jakub"]
[Result "1/2-1/2"]
[WhiteElo "2044"]
[BlackElo "2254"]
[PlyCount "160"]
[EventDate "2018.10.14"]
[EventType "team-tourn"]
[EventRounds "11"]
[EventCountry "CZE"]
[SourceTitle "EXT 2022"]
[Source "ChessBase"]
[SourceDate "2021.10.06"]
[SourceVersion "1"]
[SourceVersionDate "2021.10.06"]
[SourceQuality "1"]
[WhiteTeam "Karlovy Vary Tietz II"]
[BlackTeam "Praha Dopravni podnik II"]
[WhiteTeamCountry "CZE"]
[BlackTeamCountry "CZE"]

1. d4 Nf6 2. Nf3 g6 3. e3 Bg7 4. Bd3 0-0 5. 0-0 d6 6. Re1 Nbd7 7. Nbd2 e5 8. dxe5 dxe5 9. e4 Nh5 10. Nc4 Qe7 11. c3 Nc5 12. Bf1 Rd8 13. Qc2 Bg4 14. Be2 c6 15. h3 Bc8 16. b4 Nd7 17. Be3 b6 18. Rad1 Ba6 19. a4 Nf4 20. Bf1 Bxc4 21. Bxc4 a5 22. b5 cxb5 23. Bxb5 Nc5 24. Bxf4 exf4 25. Nd4 Rac8 26. Nc6 Rxc6 27. Rxd8+ Qxd8 28. Bxc6 Qf6 29. Bb5 Qxc3 30. Qxc3 Bxc3 31. Re2 Kf8 32. f3 Ke7 33. Rc2 Bd4+ 34. Kh2 Be5 35. h4 h5 36. Rd2 Bb8 37. Kh3 Be5 38. Rd5 f6 39. Rd1 Bb8 40. Bc6 Be5 41. Kh2 Bb8 42. Kg1 Bc7 43. Kf1 Be5 44. Ke2 Bb8 45. Rd5 Bd6 46. Kd1 Na6 47. Rd2 Nc7 48. Kc2 Ne6 49. Kb3 Nc5+ 50. Kc4 Bc7 51. Kd5 Na6 52. Bb5 Nb4+ 53. Kc4 Bd6 54. Rxd6 Kxd6 55. Be8 g5 56. hxg5 fxg5 57. Bxh5 Nc2 58. Kb5 Kc7 59. Bg4 Na3+ 60. Ka6 Nc4 61. Be6 Ne3 62. e5 Nxg2 63. Bh3 Ne3 64. e6 Nd5 65. Kb5 Kd6 66. Bg4 Nc3+ 67. Kxb6 Nxa4+ 68. Kxa5 Nc5 69. Kb5 Nxe6 70. Kc4 Ke5 71. Kd3 Nc7 72. Ke2 Nd5 73. Bc8 Kd4 74. Bd7 Ne3 75. Kd2 Nd5 76. Ke2 Ne3 77. Bc8 Ng2 78. Bh3 Nh4 79. Bc8 Ke5 80. Kf2 Nf5 1/2-1/2

[Event "CZE-chT1W 1718"]
[Site "Czech Republic"]
[Date "2018.03.25"]
[Round "10.1"]
[White "Folk, Petr"]
[Black "Tuma, Jakub"]
[Result "1-0"]
[WhiteElo "2162"]
[BlackElo "2275"]
[PlyCount "53"]
[EventDate "2017.10.29"]
[EventType "team-tourn"]
[EventRounds "11"]
[EventCountry "CZE"]
[SourceTitle "EXT 2019"]
[Source "ChessBase"]
[SourceDate "2018.10.10"]
[SourceVersion "1"]
[SourceVersionDate "2018.10.10"]
[SourceQuality "1"]
[WhiteTeam "Praha Bohemians"]
[BlackTeam "Vysehrad"]
[WhiteTeamCountry "CZE"]
[BlackTeamCountry "CZE"]

1. e4 c5 2. Nf3 e6 3. Nc3 Nc6 4. d4 cxd4 5. Nxd4 d6 6. Be3 Nf6 7. Be2 Be7 8. f4 0-0 9. 0-0 a6 10. a4 Bd7 11. Nb3 Rc8 12. a5 Nb4 13. Bb6 Qe8 14. Bf3 Bc6 15. Re1 d5 16. e5 Ne4 17. Nd4 Nc5 18. Nce2 Na4 19. c3 Nxb2 20. Qd2 N4d3 21. Reb1 Bb5 22. Rxb2 Nxb2 23. Qxb2 Bxe2 24. Bxe2 g5 25. f5 Qd7 26. fxe6 fxe6 27. Bg4 1-0

[Event "CZE-chT2E 1718"]
[Site "Czech Republic"]
[Date "2018.02.25"]
[Round "9.2"]
[White "Kisa, Lubomir"]
[Black "Tuma, Jakub"]
[Result "1-0"]
[WhiteElo "2174"]
[BlackElo "2260"]
[PlyCount "85"]
[EventDate "2017.10.15"]
[EventType "team-tourn"]
[EventRounds "11"]
[EventCountry "CZE"]
[SourceTitle "EXT 2022"]
[Source "ChessBase"]
[SourceDate "2021.10.06"]
[SourceVersion "1"]
[SourceVersionDate "2021.10.06"]
[SourceQuality "1"]
[WhiteTeam "Brno VSK Univ"]
[BlackTeam "Hustopece"]
[WhiteTeamCountry "CZE"]
[BlackTeamCountry "CZE"]

1. e4 c5 2. Nf3 e6 3. b3 Nc6 4. Bb5 Nf6 5. e5 Nd5 6. Bb2 Be7 7. 0-0 0-0 8. d3 f6 9. Bxc6 bxc6 10. Nbd2 fxe5 11. Nxe5 Qc7 12. c4 Nf6 13. f4 d6 14. Ng4 Nxg4 15. Qxg4 Bf6 16. Bxf6 Rxf6 17. Ne4 Rf5 18. Ng3 Rf7 19. Rae1 Bd7 20. Qh4 Raf8 21. Ne4 h6 22. Rf3 Re8 23. Ref1 Bc8 24. Rg3 Qd8 25. Qxh6 d5 26. Nd2 Qc7 27. Nf3 Rxf4 28. Rxg7+ Qxg7 29. Qxf4 e5 30. Qg5 Qxg5 31. Nxg5 Kg7 32. Rf3 Re7 33. Kf2 Kg6 34. Rg3 Kf6 35. h4 Bf5 36. Re3 Rd7 37. Nf3 e4 38. dxe4 dxe4 39. g4 Bg6 40. Ne1 Ke5 41. h5 Bf7 42. Kg3 Kd4 43. Kf4 1-0

[Event "CZE-chT1W 1718"]
[Site "Czech Republic"]
[Date "2018.02.18"]
[Round "8.1"]
[White "Tuma, Jakub"]
[Black "Burdalev, Kirill"]
[Result "1/2-1/2"]
[WhiteElo "2275"]
[BlackElo "2360"]
[PlyCount "142"]
[EventDate "2017.10.29"]
[EventType "team-tourn"]
[EventRounds "11"]
[EventCountry "CZE"]
[SourceTitle "EXT 2019"]
[Source "ChessBase"]
[SourceDate "2018.10.10"]
[SourceVersion "1"]
[SourceVersionDate "2018.10.10"]
[SourceQuality "1"]
[WhiteTeam "Vysehrad"]
[BlackTeam "Praha DP Tarok"]
[WhiteTeamCountry "CZE"]
[BlackTeamCountry "CZE"]

1. e4 Nf6 2. e5 Nd5 3. c4 Nb6 4. d4 d6 5. exd6 exd6 6. Nf3 Be7 7. Be2 0-0 8. 0-0 Bg4 9. Nc3 Nc6 10. b3 Bf6 11. Be3 a5 12. Rc1 d5 13. c5 Nc8 14. Nb5 N6e7 15. Bf4 c6 16. Nc3 Nf5 17. Ne5 Bxe2 18. Nxe2 Nce7 19. Qd3 Re8 20. Rfe1 Nh4 21. Ng4 Neg6 22. Bg3 Bg5 23. f4 Re4 24. Rf1 Bf6 25. Nf2 Re8 26. Ng4 Re4 27. Nf2 Rxe2 28. Qxe2 Bxd4 29. Kh1 Nf5 30. Qd3 Qd7 31. Rfe1 h5 32. Nh3 h4 33. Bf2 Bf6 34. Re2 Nf8 35. g4 hxg3 36. hxg3 Nd4 37. Bxd4 Bxd4 38. Kg2 Bf6 39. Nf2 g6 40. Qf3 Ne6 41. Qg4 Rd8 42. Qh3 d4 43. Nd3 Qd5+ 44. Kf2 a4 45. b4 Nc7 46. g4 Re8 47. Rce1 Re3 48. Rxe3 dxe3+ 49. Kxe3 Bd4+ 50. Ke2 Qxa2+ 51. Kf1 a3 52. Qf3 Qh2 53. Nc1 a2 54. Nb3 Qb2 55. Rd1 Ne6 56. f5 Ng5 57. Qf4 Bf6 58. Qe3 Qb1 59. Qd3 Qxd3+ 60. Rxd3 gxf5 61. gxf5 a1Q+ 62. Nxa1 Bxa1 63. Rd7 Ne4 64. Kg2 Nf6 65. Rxb7 Kg7 66. Rb6 Nd5 67. Rxc6 Nxb4 68. Rb6 Nd5 69. Ra6 Be5 70. Kf3 Nc7 71. Rc6 Kf8 1/2-1/2

[Event "CZE-chT1W 1718"]
[Site "Czech Republic"]
[Date "2017.10.29"]
[Round "1.1"]
[White "Tuma, Jakub"]
[Black "Cernik, Lukas"]
[Result "1-0"]
[WhiteElo "2275"]
[BlackElo "2146"]
[PlyCount "85"]
[EventDate "2017.10.29"]
[EventType "team-tourn"]
[EventRounds "11"]
[EventCountry "CZE"]
[SourceTitle "CBM 181 Extra"]
[Source "ChessBase"]
[SourceDate "2017.12.12"]
[SourceVersion "1"]
[SourceVersionDate "2017.12.12"]
[SourceQuality "1"]
[WhiteTeam "Vysehrad"]
[BlackTeam "Neratovice II"]
[WhiteTeamCountry "CZE"]
[BlackTeamCountry "CZE"]

1. e4 Nc6 2. Nf3 e6 3. c4 b6 4. d4 Bb7 5. d5 Nb4 6. a3 Na6 7. Nc3 d6 8. dxe6 fxe6 9. e5 Qd7 10. Bd3 Nc5 11. Bc2 dxe5 12. Qe2 Bd6 13. b4 e4 14. Nxe4 Nxe4 15. Bxe4 Bxe4 16. Qxe4 Rd8 17. Bb2 Nf6 18. Qe2 0-0 19. 0-0 Rde8 20. Rad1 Qe7 21. Nd4 c5 22. Nc6 Qc7 23. Be5 Bxe5 24. Nxe5 cxb4 25. axb4 Re7 26. b5 Rfe8 27. Nc6 Rf7 28. Rd2 Qf4 29. g3 Qf5 30. Re1 h5 31. Kg2 h4 32. Qd3 h3+ 33. Kg1 Qh5 34. Ne5 Rc7 35. Qe2 Qf5 36. Rd6 Rc5 37. Nc6 e5 38. Nxa7 Ra8 39. Nc6 Kh7 40. Ne7 Qg5 41. Rxb6 Rd8 42. Rc6 Rd2 43. Qf1 1-0

[Event "Oberliga Ost-A 1617"]
[Site "Germany"]
[Date "2017.03.19"]
[Round "8.1"]
[White "Tuma, Jakub"]
[Black "Zwahr, Paul"]
[Result "0-1"]
[WhiteElo "2261"]
[BlackElo "2318"]
[PlyCount "64"]
[EventDate "2016.10.16"]
[EventType "team-tourn"]
[EventRounds "11"]
[EventCountry "GER"]
[SourceTitle "EXT 2018"]
[Source "ChessBase"]
[SourceDate "2017.10.13"]
[SourceVersion "1"]
[SourceVersionDate "2017.10.13"]
[SourceQuality "1"]
[WhiteTeam "Magdeburg Rochade"]
[BlackTeam "Dresden Gruen Weiss"]
[WhiteTeamCountry "GER"]
[BlackTeamCountry "GER"]

1. e4 e5 2. Nf3 Nc6 3. Bc4 Bc5 4. b4 Bxb4 5. c3 Ba5 6. d4 exd4 7. 0-0 Nge7 8. Ng5 d5 9. exd5 Ne5 10. Bb3 0-0 11. Qxd4 N7g6 12. c4 c5 13. Qd1 Qf6 14. Ne4 Nf3+ 15. Qxf3 Qxa1 16. Be3 f5 17. Nxc5 f4 18. Bd2 Bxd2 19. Nxd2 Qd4 20. Nce4 Bf5 21. Qc3 Qxc3 22. Nxc3 b6 23. Ba4 Rac8 24. Re1 Rfd8 25. Bb5 Bd7 26. Ba6 Rc5 27. Nb3 Rc7 28. Nd4 b5 29. Ncxb5 Rxc4 30. Bb7 a6 31. Bxa6 Rb8 32. Rd1 Rb6 0-1

[Event "Oberliga Ost-A 1617"]
[Site "Germany"]
[Date "2017.02.18"]
[Round "6.2"]
[White "Tuma, Jakub"]
[Black "Schuetze, Norman"]
[Result "1-0"]
[WhiteElo "2261"]
[BlackElo "2322"]
[PlyCount "133"]
[EventDate "2016.10.16"]
[EventType "team-tourn"]
[EventRounds "11"]
[EventCountry "GER"]
[SourceTitle "EXT 2018"]
[Source "ChessBase"]
[SourceDate "2017.10.13"]
[SourceVersion "1"]
[SourceVersionDate "2017.10.13"]
[SourceQuality "1"]
[WhiteTeam "Magdeburg Rochade"]
[BlackTeam "Loeberitz"]
[WhiteTeamCountry "GER"]
[BlackTeamCountry "GER"]

1. e4 c5 2. Nf3 d6 3. d4 cxd4 4. Nxd4 Nf6 5. Nc3 a6 6. Bc4 e6 7. Bb3 b5 8. Be3 b4 9. Na4 Nxe4 10. Qf3 d5 11. 0-0-0 Nd7 12. Rhe1 Bb7 13. Qg4 Nef6 14. Qg3 g6 15. f3 Be7 16. Bh6 Bf8 17. Bxf8 Nxf8 18. Nc5 Bc8 19. Ba4+ Bd7 20. Nc6 Bxc6 21. Bxc6+ Ke7 22. Bxa8 Qxa8 23. Nd3 a5 24. Ne5 N6d7 25. Qh4+ f6 26. Nd3 Kf7 27. Nf4 Qc6 28. Kb1 h5 29. Nd3 g5 30. Qd4 Ng6 31. c3 e5 32. Qf2 bxc3 33. Qc2 Rb8 34. Rc1 d4 35. Ka1 cxb2+ 36. Nxb2 Qxc2 37. Rxc2 Nf4 38. Nc4 a4 39. Nd6+ Kg6 40. Ne4 Rb6 41. g3 Nd3 42. Rb1 Rxb1+ 43. Kxb1 g4 44. Rc7 Nb6 45. Rc6 Nd5 46. Rd6 gxf3 47. Rxd5 f2 48. Nxf2 Nxf2 49. Kc2 Ng4 50. Ra5 Nxh2 51. Rxa4 Nf1 52. Ra8 e4 53. a4 d3+ 54. Kc3 Kf5 55. a5 d2 56. Kc2 e3 57. Re8 Kg4 58. a6 Kf3 59. Kd1 Nxg3 60. a7 f5 61. a8Q+ Kf2 62. Qa4 Kf3 63. Qc6+ Kf2 64. Qc4 Kf3 65. Qd5+ Kf2 66. Qd4 Ne4 67. Rxe4 1-0

[Event "CZE-chT1W 1617"]
[Site "Czech Republic"]
[Date "2017.01.08"]
[Round "5.1"]
[White "Tuma, Jakub"]
[Black "Cernik, Lukas"]
[Result "1-0"]
[WhiteElo "2261"]
[BlackElo "2161"]
[PlyCount "75"]
[EventDate "2016.10.16"]
[EventType "team-tourn"]
[EventRounds "11"]
[EventCountry "CZE"]
[SourceTitle "CBM 177 Extra"]
[Source "ChessBase"]
[SourceDate "2017.04.27"]
[SourceVersion "1"]
[SourceVersionDate "2017.04.27"]
[SourceQuality "1"]
[WhiteTeam "Vysehrad"]
[BlackTeam "Neratovice"]
[WhiteTeamCountry "CZE"]
[BlackTeamCountry "CZE"]

1. e4 g6 2. d4 Bg7 3. Nc3 d6 4. Be3 a6 5. Qd2 b5 6. 0-0-0 Bb7 7. f3 Nd7 8. h4 h6 9. h5 g5 10. f4 gxf4 11. Bxf4 c5 12. Be3 b4 13. Nd5 e6 14. Nf4 Ngf6 15. dxc5 dxc5 16. Bd3 Qc7 17. Qe2 Nxe4 18. Bxe4 Bxe4 19. Nf3 c4 20. Nd2 Bxc2 21. Kxc2 b3+ 22. Kb1 bxa2+ 23. Kxa2 Qa5+ 24. Kb1 Qf5+ 25. Kc1 Bxb2+ 26. Kxb2 Rb8+ 27. Kc1 c3 28. Qd3 Qa5 29. Qxd7+ Kf8 30. Qd6+ Kg7 31. Bd4+ Kh7 32. Ne4 Rhc8 33. Nf6+ Kh8 34. Ng6+ Kg7 35. Ne8+ Kh7 36. Nf8+ Kg8 37. Nf6+ Kh8 38. N6d7+ 1-0

[Event "Oberliga Ost-A 1617"]
[Site "Germany"]
[Date "2016.11.20"]
[Round "3.2"]
[White "Rosko, Lubos"]
[Black "Tuma, Jakub"]
[Result "1/2-1/2"]
[WhiteElo "2345"]
[BlackElo "2261"]
[PlyCount "80"]
[EventDate "2016.10.16"]
[EventType "team-tourn"]
[EventRounds "11"]
[EventCountry "GER"]
[SourceTitle "EXT 2018"]
[Source "ChessBase"]
[SourceDate "2017.10.13"]
[SourceVersion "1"]
[SourceVersionDate "2017.10.13"]
[SourceQuality "1"]
[WhiteTeam "Aue Nickelhuette II"]
[BlackTeam "Magdeburg Rochade"]
[WhiteTeamCountry "GER"]
[BlackTeamCountry "GER"]

1. e4 c5 2. Nf3 d6 3. d4 cxd4 4. Nxd4 Nf6 5. Nc3 a6 6. Be3 b5 7. a4 b4 8. Nd5 e6 9. Nxf6+ Qxf6 10. Qd2 e5 11. Nf3 Nc6 12. Bc4 Be6 13. Bd5 Rc8 14. 0-0 Qg6 15. Rac1 Be7 16. c3 b3 17. Qd3 Bxd5 18. Qxd5 Qe6 19. Qd3 Na5 20. Qxa6 Nc4 21. Qb5+ Qd7 22. Qxb3 0-0 23. Qc2 Nxe3 24. fxe3 Qa7 25. Rfe1 Rc6 26. b3 Rfc8 27. Qd3 Qc7 28. c4 Qb7 29. Rb1 Bd8 30. Red1 Ba5 31. Ne1 Rb6 32. Qd5 Qxd5 33. Rxd5 Bxe1 34. Rxe1 Rxb3 35. Rxd6 g6 36. Rc1 Rxe3 37. a5 Ra3 38. Rd5 f6 39. Rb5 Ra2 40. Rb6 Rxa5 1/2-1/2

[Event "CZE-chT1W 1617"]
[Site "Czech Republic"]
[Date "2016.11.06"]
[Round "2.5"]
[White "Tuma, Jakub"]
[Black "Novotny, Michal"]
[Result "0-1"]
[WhiteElo "2261"]
[BlackElo "2278"]
[PlyCount "88"]
[EventDate "2016.10.16"]
[EventType "team-tourn"]
[EventRounds "11"]
[EventCountry "CZE"]
[SourceTitle "CBM 175 Extra"]
[Source "ChessBase"]
[SourceDate "2016.12.12"]
[SourceVersion "1"]
[SourceVersionDate "2016.12.12"]
[SourceQuality "1"]
[WhiteTeam "Vysehrad"]
[BlackTeam "Polabiny"]
[WhiteTeamCountry "CZE"]
[BlackTeamCountry "CZE"]

1. e4 e6 2. d4 d5 3. Nd2 c5 4. dxc5 Nf6 5. exd5 Qxd5 6. Ngf3 Bxc5 7. Bc4 Qd6 8. 0-0 Nc6 9. Qe2 0-0 10. c3 Qe7 11. Nb3 Bd6 12. Bg5 e5 13. Nfd2 h6 14. Bh4 g5 15. Bg3 Bg4 16. Qe3 Bc7 17. Rae1 Rad8 18. Ne4 Nh5 19. Nec5 Bc8 20. Rd1 Kg7 21. Rxd8 Rxd8 22. Qf3 Nf4 23. Bxf4 gxf4 24. Bd5 Rd6 25. c4 Rg6 26. Re1 f5 27. Qc3 Kh7 28. Kh1 e4 29. Qh3 Bb6 30. Nxe4 Bxf2 31. Rf1 Be3 32. Nc3 Ne5 33. Nd1 Ng4 34. Qf3 Qh4 35. h3 Ne5 36. Qe2 Rg3 37. Nd2 Qf6 38. Nf3 Nxf3 39. Bxf3 Bd4 40. Re1 Rg7 41. Qe8 Bd7 42. Qb8 Qh4 43. Re2 Re7 44. Qd8 Qe1+ 0-1

[Event "CZE-chT2C 1617"]
[Site "Czech Republic"]
[Date "2016.10.30"]
[Round "2.4"]
[White "Brezmen, Pavel"]
[Black "Tuma, Jakub"]
[Result "1-0"]
[WhiteElo "2098"]
[BlackElo "2267"]
[PlyCount "48"]
[EventDate "2016.10.09"]
[EventType "team-tourn"]
[EventRounds "11"]
[EventCountry "CZE"]
[SourceTitle "EXT 2022"]
[Source "ChessBase"]
[SourceDate "2021.10.06"]
[SourceVersion "1"]
[SourceVersionDate "2021.10.06"]
[SourceQuality "1"]
[WhiteTeam "Kolin"]
[BlackTeam "Vysehrad II"]
[WhiteTeamCountry "CZE"]
[BlackTeamCountry "CZE"]

1. c4 Nf6 2. g3 g6 3. Bg2 Bg7 4. Nc3 0-0 5. d3 c6 6. e4 d6 7. Nge2 Nbd7 8. 0-0 e5 9. h3 Nc5 10. Be3 Ne6 11. Qd2 Nd7 12. Rae1 a6 13. f4 f5 14. b3 a5 15. d4 Qc7 16. exf5 gxf5 17. d5 Nec5 18. Rd1 Rf6 19. dxc6 bxc6 20. fxe5 dxe5 21. Nd5 cxd5 22. Qxd5+ Kh8 23. Qxa8 Rf8 24. Qc6 Qa7 1-0

[Event "Oberliga Ost-A 1516"]
[Site "Germany"]
[Date "2016.04.09"]
[Round "10.2"]
[White "Tuma, Jakub"]
[Black "Moehn, Hans"]
[Result "1/2-1/2"]
[WhiteElo "2289"]
[BlackElo "2372"]
[PlyCount "120"]
[EventDate "2015.09.20"]
[EventType "team-tourn"]
[EventRounds "11"]
[EventCountry "GER"]
[SourceTitle "EXT 2017"]
[Source "ChessBase"]
[SourceDate "2016.10.25"]
[SourceVersion "1"]
[SourceVersionDate "2016.10.25"]
[SourceQuality "1"]
[WhiteTeam "Magdeburg Rochade"]
[BlackTeam "Dresden TU II"]
[WhiteTeamCountry "GER"]
[BlackTeamCountry "GER"]

1. e4 c6 2. d4 d5 3. exd5 cxd5 4. Bd3 Nc6 5. c3 Qc7 6. Ne2 Bg4 7. h3 Bh5 8. Na3 e6 9. Nb5 Qd7 10. Qa4 a6 11. 0-0 Rc8 12. Na3 Bd6 13. Re1 Nge7 14. Bg5 0-0 15. Nf4 Bg6 16. Bxe7 Bxe7 17. Bxg6 hxg6 18. Nd3 b5 19. Qd1 Bxa3 20. bxa3 Na5 21. Ne5 Qe7 22. Qg4 Nc4 23. Nf3 Nd6 24. Ng5 Nf5 25. Re5 Nh6 26. Qf3 Qxa3 27. Re3 Qb2 28. Rae1 b4 29. cxb4 Qxd4 30. a3 Rc2 31. Rxe6 Qh4 32. R6e5 Nf5 33. Rxf5 gxf5 34. Qxf5 Rc7 35. Qxd5 Qc4 36. Qf5 g6 37. Qf3 Qd4 38. Ne4 Kg7 39. Ng5 Rd8 40. Qe3 Qxe3 41. Rxe3 Rd2 42. Rf3 a5 43. bxa5 Rd5 44. Ne4 Rxa5 45. Nd6 Rd7 46. Ne8+ Kf8 47. Nf6 Rda7 48. Ng4 Rxa3 49. Ne3 Kg7 50. g3 R3a6 51. Rf4 Rf6 52. Rd4 Ra2 53. Ng4 Re6 54. Ne3 Rc6 55. h4 Ra3 56. Rf4 Rb3 57. Rd4 Rb1+ 58. Kg2 Re1 59. Ng4 Re2 60. Rf4 Ree6 1/2-1/2

[Event "CZE-chT1W 1516"]
[Site "Czech Republic"]
[Date "2016.03.20"]
[Round "10.5"]
[White "Petr, Jan"]
[Black "Tuma, Jakub"]
[Result "1-0"]
[WhiteElo "2147"]
[BlackElo "2289"]
[PlyCount "67"]
[EventDate "2015.10.11"]
[EventType "team-tourn"]
[EventRounds "11"]
[EventCountry "CZE"]
[SourceTitle "EXT 2017"]
[Source "ChessBase"]
[SourceDate "2016.10.25"]
[SourceVersion "1"]
[SourceVersionDate "2016.10.25"]
[SourceQuality "1"]
[WhiteTeam "Praha Grop"]
[BlackTeam "Praha Vysehrad"]
[WhiteTeamCountry "CZE"]
[BlackTeamCountry "CZE"]

1. d4 Nf6 2. Bg5 Ne4 3. Bf4 c5 4. f3 Nf6 5. dxc5 Na6 6. e4 Nxc5 7. Nc3 Qb6 8. Qd2 d6 9. 0-0-0 Bd7 10. g4 Bc6 11. Nge2 h5 12. g5 Nfd7 13. g6 fxg6 14. Rg1 0-0-0 15. Rxg6 e5 16. Bg5 Nf6 17. Ng3 Be8 18. Rxf6 gxf6 19. Nd5 fxg5 20. Nxb6+ axb6 21. Nf5 g4 22. f4 Bg6 23. Qb4 Bxf5 24. exf5 Bh6 25. Qxb6 Bxf4+ 26. Kb1 e4 27. Rd4 Rhf8 28. b4 Be5 29. Rc4 Rxf5 30. Bg2 Rdf8 31. c3 Rf1+ 32. Bxf1 Rxf1+ 33. Kb2 Rf2+ 34. Ka3 1-0

[Event "CZE-chT1W 1516"]
[Site "Czech Republic"]
[Date "2016.01.31"]
[Round "7.6"]
[White "Bujnoch, Radek"]
[Black "Tuma, Jakub"]
[Result "1-0"]
[WhiteElo "2236"]
[BlackElo "2289"]
[PlyCount "91"]
[EventDate "2015.10.11"]
[EventType "team-tourn"]
[EventRounds "11"]
[EventCountry "CZE"]
[SourceTitle "CBM 170 Extra"]
[Source "ChessBase"]
[SourceDate "2016.02.25"]
[SourceVersion "1"]
[SourceVersionDate "2016.02.25"]
[SourceQuality "1"]
[WhiteTeam "Polabiny"]
[BlackTeam "Praha Vysehrad"]
[WhiteTeamCountry "CZE"]
[BlackTeamCountry "CZE"]

1. e4 c5 2. c3 d6 3. d4 Nf6 4. Bd3 Nc6 5. Nf3 Bg4 6. d5 Nb8 7. 0-0 e5 8. Be3 Be7 9. Nbd2 0-0 10. b4 Nbd7 11. b5 Ne8 12. h3 Bh5 13. g4 Bg6 14. Ne1 Nc7 15. a4 Bg5 16. Qe2 a6 17. Ng2 axb5 18. axb5 h6 19. f3 Nb6 20. Nc4 Nxc4 21. Bxc4 b6 22. Ra2 Rxa2 23. Qxa2 Bxe3+ 24. Nxe3 Qg5 25. Kf2 Ra8 26. Qb2 Ne8 27. Ng2 Ra4 28. Be2 h5 29. Ra1 Rxa1 30. Qxa1 hxg4 31. hxg4 Qd2 32. Qa8 f5 33. gxf5 Bh5 34. Nh4 Qg5 35. Ng6 Bxg6 36. fxg6 Qxg6 37. Qd8 Qh5 38. Qxb6 Qh2+ 39. Ke3 Qg1+ 40. Kd2 Qg5+ 41. Kd3 Qc1 42. Qb8 Kf7 43. b6 Qb2 44. Qa7+ Kg6 45. b7 c4+ 46. Ke3 1-0

[Event "Oberliga Ost-A 1516"]
[Site "Germany"]
[Date "2015.10.11"]
[Round "3.2"]
[White "Rosko, Lubos"]
[Black "Tuma, Jakub"]
[Result "1/2-1/2"]
[WhiteElo "2356"]
[BlackElo "2289"]
[PlyCount "107"]
[EventDate "2015.09.20"]
[EventType "team-tourn"]
[EventRounds "11"]
[EventCountry "GER"]
[SourceTitle "EXT 2017"]
[Source "ChessBase"]
[SourceDate "2016.10.25"]
[SourceVersion "1"]
[SourceVersionDate "2016.10.25"]
[SourceQuality "1"]
[WhiteTeam "Aue Nickelhuette II"]
[BlackTeam "Magdeburg Rochade"]
[WhiteTeamCountry "GER"]
[BlackTeamCountry "GER"]

1. e4 c5 2. Nf3 d6 3. Bb5+ Nd7 4. d4 cxd4 5. Qxd4 a6 6. Bxd7+ Bxd7 7. 0-0 e6 8. c4 Qc7 9. Bg5 f6 10. Bd2 Ne7 11. Nc3 Nc6 12. Qe3 Ne5 13. b3 Nxf3+ 14. Qxf3 Be7 15. Qh5+ g6 16. Qh6 Bf8 17. Qh3 Bg7 18. Bh6 0-0 19. Bxg7 Kxg7 20. Rad1 Rad8 21. Qg3 Bc6 22. Qg4 Qe7 23. a4 f5 24. exf5 Rxf5 25. Qd4+ Kg8 26. f3 Qg5 27. Ne4 Bxe4 28. Qxe4 Qe7 29. Rfe1 Re5 30. Qd4 Rxe1+ 31. Rxe1 Kf7 32. h3 Qf6 33. Qe4 Rd7 34. Rd1 Qg5 35. Qd4 Qf6 36. Qe3 Qf5 37. Rd4 Qc5 38. Kf2 e5 39. Rd5 Qxe3+ 40. Kxe3 Ke6 41. Ke4 Rc7 42. h4 Rc6 43. g3 Rc7 44. Ke3 Rf7 45. Rd3 Rc7 46. Ke4 Rf7 47. a5 Rc7 48. Rd5 Rc8 49. Ke3 Rc7 50. Kd3 Rf7 51. Ke4 Rc7 52. Kd3 Rf7 53. Ke4 Rc7 54. Kd3 1/2-1/2

[Event "CZE-chT1W 1415"]
[Site "Czech Republic"]
[Date "2014.11.23"]
[Round "3.2"]
[White "Tuma, Jakub"]
[Black "Lechtynsky, Jiri"]
[Result "1/2-1/2"]
[WhiteElo "2325"]
[BlackElo "2373"]
[PlyCount "30"]
[EventDate "2014.10.19"]
[EventType "team-tourn"]
[EventRounds "11"]
[EventCountry "CZE"]
[SourceTitle "CBM 163 Extra"]
[Source "ChessBase"]
[SourceDate "2014.12.23"]
[SourceVersion "1"]
[SourceVersionDate "2014.12.23"]
[SourceQuality "1"]
[WhiteTeam "Vysehrad"]
[BlackTeam "Ceske Budejovice"]
[WhiteTeamCountry "CZE"]
[BlackTeamCountry "CZE"]

1. e4 c6 2. d4 d5 3. e5 Bf5 4. Nc3 e6 5. g4 Bg6 6. Nge2 c5 7. Be3 cxd4 8. Nxd4 Bb4 9. Qd2 Nd7 10. a3 Qa5 11. Bb5 Bxc3 12. bxc3 0-0-0 13. Bxd7+ Rxd7 14. Rb1 Ne7 15. 0-0 Nc6 1/2-1/2

[Event "Oberliga Ost-A 1314"]
[Site "Germany"]
[Date "2014.04.06"]
[Round "11.2"]
[White "Womacka, Mathias"]
[Black "Tuma, Jakub"]
[Result "0-1"]
[WhiteElo "2450"]
[BlackElo "2329"]
[PlyCount "58"]
[EventDate "2013.10.13"]
[EventType "team-tourn"]
[EventRounds "11"]
[EventCountry "GER"]
[SourceTitle "EXT 2015"]
[Source "ChessBase"]
[SourceDate "2014.11.20"]
[SourceVersion "1"]
[SourceVersionDate "2014.11.20"]
[SourceQuality "1"]
[WhiteTeam "Chemnitz"]
[BlackTeam "Magdeburg Rochade"]
[WhiteTeamCountry "GER"]
[BlackTeamCountry "GER"]

1. e4 c5 2. Nf3 e6 3. d4 cxd4 4. Nxd4 Nc6 5. Nc3 d6 6. Be3 Nf6 7. f3 Be7 8. Qd2 0-0 9. 0-0-0 a6 10. g4 Nxd4 11. Bxd4 b5 12. g5 Nd7 13. h4 Bb7 14. Kb1 Ne5 15. Qg2 Qa5 16. h5 Rac8 17. g6 h6 18. f4 b4 19. fxe5 dxe5 20. Nd5 exd5 21. Bxe5 f6 22. Bf4 dxe4 23. Rd7 Bd5 24. b3 Rfe8 25. Bxh6 Be6 26. Bxg7 Bxd7 27. h6 Qf5 28. Bc4+ Rxc4 29. bxc4 Bd6 0-1